[Event "WchT Seniors 65"]
[Site "Rhodes"]
[Date "2019.04.17"]
[Round "2.12"]
[White "Andersson, Kaj Ake"]
[Black "Khandsuren, Sandagdorj"]
[Result "1-0"]
[WhiteElo "2030"]
[BlackElo "1954"]
[PlyCount "90"]
[EventDate "2019.04.16"]
[EventType "team-swiss"]
[EventRounds "9"]
[EventCountry "GRE"]
[SourceTitle "CBM 190 Extra"]
[Source "ChessBase"]
[SourceDate "2019.07.15"]
[SourceVersion "1"]
[SourceVersionDate "2019.07.15"]
[SourceQuality "1"]
[WhiteTeam "Sweden III"]
[BlackTeam "Mongolia (Women)"]
[WhiteTeamCountry "SWE"]
[BlackTeamCountry "MGL"]

1. e4 c5 2. Nf3 d6 3. d4 cxd4 4. Nxd4 Nf6 5. Nc3 a6 6. Bg5 e6 7. f4 Be7 8. Qf3 Qc7 9. 0-0-0 Bd7 10. Kb1 Nc6 11. Be2 Rc8 12. Rhe1 Nxd4 13. Rxd4 b5 14. a3 e5 15. Rd2 Bc6 16. Bd3 Qb7 17. Qg3 b4 18. axb4 Qxb4 19. fxe5 Rb8 20. Nd1 dxe5 21. Qxe5 0-0 22. c3 Qb7 23. Qf4 Rfe8 24. Rf2 Bd8 25. e5 Nd5 26. Qh4 g6 27. Ref1 Bxg5 28. Qxg5 Re7 29. h4 Rbe8 30. Re2 Ba4 31. Kc1 Bd7 32. h5 a5 33. Bc4 Bb5 34. Bxb5 Qxb5 35. Rfe1 Qc6 36. Nf2 Nxc3 37. Rc2 Na2+ 38. Kb1 Qe6 39. Ng4 Rb8 40. Rh1 Nc3+ 41. Rxc3 Reb7 42. Rc2 Rb4 43. Nf6+ Kg7 44. hxg6 fxg6 45. Rxh7+ Kf8 1-0